Manual de procedimiento para la catalogación de documentos patrimoniales históricos y etnográficos
Enregistré dans:
| Auteur principal: | |
|---|---|
| Format: | Livre |
| Langue: | espagnol |
| Publié: |
Valparaíso
Pontificia Universidad Católica de Valparaíso
2010
|
| Sujets: | |
| Tags: |
Ajouter un tag
Pas de tags, Soyez le premier à ajouter un tag!
|
MARC
| LEADER | 00000nam a2200000 a 4500 | ||
|---|---|---|---|
| 001 | UCG1442 | ||
| 003 | CL-VaPUC | ||
| 008 | 100506e20100000CL |||||||||||||||||spa|d | ||
| 020 | |a 9789561704541 | ||
| 082 | 0 | 4 | |a 025.34 |b AST |2 21 |
| 100 | 0 | |a Astudillo Rojas, Elba Cecilia |e author |9 549377 | |
| 245 | 1 | 0 | |a Manual de procedimiento para la catalogación de documentos patrimoniales históricos y etnográficos |
| 300 | |a 102 p | ||
| 942 | |c BK | ||
| 945 | |d 20100506 00:00:00 |a rbrito | ||
| 260 | |a Valparaíso |b Pontificia Universidad Católica de Valparaíso |c 2010 | ||
| 650 | 7 | |a CATALOGACION |2 CL-VaPUC |9 334529 | |
| 650 | 7 | |a DESCRIPCION BIBLIOGRAFICA |2 CL-VaPUC |9 372446 | |
| 650 | 7 | |a MANUAL DE PROCEDIMIENTO |2 CL-VaPUC |9 549378 | |
| 650 | 7 | |a PATROMINIO CULTURAL |2 CL-VaPUC |9 549379 | |
| 650 | 7 | |a MATERIALES ESPECIALES |2 CL-VaPUC |9 549380 | |
| 583 | |a last modification |c 20100506 00:00:00 |k Rodrigo Vera | ||
| 999 | |c 340808 |d 340806 | ||
| 952 | |0 0 |1 0 |4 0 |6 025_340000000000000_AST_2010 |7 0 |8 X |9 435842 |a FDOMLP |b FDOMLP |d 2019-11-22 |i 4669657 |o 025.34 AST 2010 |p 4669657 |r 2019-11-22 |w 2019-11-22 |y BK_X |k BU2 | ||
| 952 | |0 0 |1 0 |4 0 |6 025_340000000000000_AST_2010 |7 0 |8 X |9 435843 |a FDOBUD |b FDOBUD |d 2019-11-22 |i 4686063 |o 025.34 AST 2010 |p 4686063 |r 2019-11-22 |w 2019-11-22 |y BK_X |k BUD | ||